[Event "Biel Rapid op 58th"]
[Site "Biel"]
[Date "2025.07.13"]
[Round "1"]
[White "Ye, Zhanting K"]
[Black "Lipecki, Alexander"]
[Result "0-1"]
[WhiteElo "1857"]
[BlackElo "2126"]
[PlyCount "112"]
[EventDate "2025.07.13"]
[EventType "swiss (rapid)"]
[EventRounds "9"]
[EventCountry "SUI"]
[SourceTitle "CB29_2025"]
[SourceDate "2025.07.16"]
[SourceVersion "1"]
[SourceVersionDate "2025.07.16"]
[SourceQuality "1"]

1. e4 c6 2. d4 g6 3. Nf3 Bg7 4. Nc3 Nf6 5. Bd3 d6 6. h3 c5 7. Be3 cxd4 8. Nxd4 Nc6 9. Qd2 h6 10. 0-0-0 Nxd4 11. Bxd4 Qa5 12. Rhe1 0-0 13. f4 e5 14. fxe5 dxe5 15. Be3 Kh7 16. Bc4 a6 17. Bb3 b5 18. Bc5 Rh8 19. Qd6 Ne8 20. Bb6 Nxd6 21. Bxa5 Nc4 22. Bxc4 bxc4 23. Rd6 Be6 24. Red1 Bf8 25. Rc6 Be7 26. Nd5 Bg5+ 27. Kb1 Rhc8 28. Rd6 Rab8 29. Nc7 Bd8 30. Nxe6 Bxa5 31. R1d5 Bc3 32. Rd7 Rxb2+ 33. Kc1 Rxa2 34. Rxf7+ Kg8 35. Rg7+ Kh8 36. Kd1 Ra1+ 37. Ke2 Re1+ 38. Kf3 Re8 39. Rxg6 Rf1+ 40. Kg3 Rg8 41. Rxg8+ Kxg8 42. Rd8+ Kh7 43. Rd7+ Kg6 44. Rd6 a5 45. Rc6 Be1+ 46. Kh2 Rf6 47. g3 Rf2+ 48. Kg1 Kf7 49. Nc5 Rxc2 50. Rxh6 Bf2+ 51. Kf1 Bxc5 52. Rh5 Bd4 53. Rf5+ Ke6 54. h4 Rf2+ 55. Rxf2 Bxf2 56. Kxf2 a4 0-1